Diseño industrial en España : Madrid, 13 de mayo de 1998 - 31 de agosto de 1998 /
Wedi'i Gadw mewn:
| Awdur Corfforaethol: | |
|---|---|
| Awduron Eraill: | , , |
| Fformat: | Llyfr |
| Iaith: | Sbaeneg |
| Cyhoeddwyd: |
Madrid, España :
Ministerio de Educación y Cultura : Ministerio de Industria y Energía,
1998, c1998
|
| Pynciau: | |
| Tagiau: |
Dim Tagiau, Byddwch y cyntaf i dagio'r cofnod hwn!
|
MARC
| LEADER | 00000nam^a2200000^a^4500 | ||
|---|---|---|---|
| 001 | 000184444 | ||
| 005 | 20250521000000.0 | ||
| 009 | 20260310102115.95 | ||
| 020 | |a 84-8026-107-2 | ||
| 037 | |a Acervo ITESO - Biblioteca | ||
| 041 | |a ESP | ||
| 082 | |a 745. 20946 |b CARS | ||
| 110 | |a Museo Nacional Centro de Arte Reina Sofía | ||
| 245 | 1 | 0 | |a Diseño industrial en España : |b Madrid, 13 de mayo de 1998 - 31 de agosto de 1998 / |c Museo Nacional Centro de Arte Reina Sofía ; ed. de D. Giralt-Miracle, J. Capella, Q. Larrea ; presen. de Esperanza Aguirre Gil de Biedma. |
| 264 | 4 | |a Madrid, España : |b Ministerio de Educación y Cultura : |b Ministerio de Industria y Energía, |c 1998, c1998 | |
| 300 | |a 483 p. | ||
| 336 | |a texto |b txt |2 rdacontenido | ||
| 337 | |a sin mediación |b n |2 rdamedio | ||
| 338 | |a volumen |b nc |2 rdasoporte | ||
| 649 | |a XX | ||
| 650 | |a Diseñadores Españoles | ||
| 650 | |a Artistas Españoles | ||
| 650 | |a Accesorios y Aparatos Domésticos | ||
| 650 | |a Accesorios y Aparatos Domésticos Eléctricos | ||
| 650 | |a Objetos Decorativos | ||
| 650 | |a Envases | ||
| 650 | |a Bombillas y Lámparas | ||
| 650 | |a Desarrollo de Productos Nuevos | ||
| 650 | |a Identidad Corporativa | ||
| 650 | |a Diseño Industrial - |z España - |x Exposiciones | ||
| 650 | |a Diseño Industrial - |z España - |x Catálogos | ||
| 650 | |a Diseño Gráfico - |z España - |x Exposiciones | ||
| 650 | |a Diseño Gráfico - |z España - |x Catálogos | ||
| 650 | |a Comunicación Visual | ||
| 650 | |a Ingeniería Industrial | ||
| 650 | |a Arte Español | ||
| 700 | |a Giralt-Miracle, Daniel |e (edición) | ||
| 700 | |a Capella, Juli |e (edición) | ||
| 700 | |a Larrea, Quim |e (edición) | ||
| 910 | |a Fondo General | ||
| 920 | |a Impresos - Libros | ||
| 930 | |a Reserva Especial | ||
| 905 | |a 103 | ||
| 901 | |a 0500125390 |b IT1 |c REE |u 20250521 | ||
| 902 | |a https://opac.biblio.iteso.mx/vufind/Record/000184444 | ||